[Event "FIDE World Rapid Team"]
[Site "London ENG"]
[Date "2025.06.13"]
[Round "11.3"]
[White "Ziems, Michael"]
[Black "Smolinski, Wojciech"]
[Result "1/2-1/2"]
[WhiteElo "1890"]
[BlackElo "1929"]
[EventDate "2025.06.11"]
[Board "6"]

1. d4 Nf6 2. c4 g6 3. Nc3 d5 4. Bf4 Bg7 5. e3 c5 6. dxc5 Qa5 7. Qd2 dxc4 8.
Bxc4 Qxc5 9. Be2 O-O 10. Nf3 Nc6 11. Rc1 Qa5 12. O-O Bf5 13. Nb5 Qxa2 14.
Bc4 Qa5 15. Qe2 Rac8 16. Nd2 a6 17. Nc3 Qb6 18. b3 Na5 19. Be5 Nxc4 20.
bxc4 Rfd8 21. Bd4 Qc6 22. Rfd1 Ne4 23. Nd5 Re8 24. Bxg7 Kxg7 25. Nxe4 Bxe4
26. Qb2+ Kg8 27. h3 Bxd5 28. cxd5 Qd7 29. e4 Rxc1 30. Rxc1 Rc8 31. Rd1 Qc7
32. e5 Rd8 33. Qd4 b5 34. f4 Qc4 35. Kf2 Qxd4+ 36. Rxd4 Kf8 37. Ke3 Rb8 38.
Kd3 Rc8 39. d6 exd6 40. Rxd6 Ra8 41. Rb6 Ke7 42. Ke4 Kd7 43. g4 a5 44. Rxb5
a4 45. Rb2 a3 46. Ra2 Kc6 47. f5 Ra4+ 48. Kf3 gxf5 49. gxf5 Kd5 50. e6 fxe6
51. f6 Ra8 52. Kf4 Kc4 53. Ke5 Kb3 54. Ra1 Kb2 55. Rh1 a2 56. Kxe6 a1=Q 57.
Rxa1 Rxa1 58. f7 Rf1 59. Ke7 Re1+ 60. Kf6 Rf1+ 61. Kg7 h5 62. f8=Q Rxf8 63.
Kxf8 Kc3 64. Kg7 Kd4 65. Kg6 h4 66. Kg5 Ke4 67. Kxh4 Kf4 68. Kh5 Kf5 69. h4
Kf6 70. Kh6 Kf7 71. Kh7 Kf8 72. Kh8 Kf7 73. h5 Kf8 74. Kh7 Kf7 75. h6 Kf8
76. Kg6 Kg8 1/2-1/2

[Event "FIDE World Rapid Team"]
[Site "London ENG"]
[Date "2025.06.13"]
[Round "11.4"]
[White "Bjerre, Jonas Buhl"]
[Black "Ghasi, Ameet K"]
[Result "1-0"]
[WhiteElo "2546"]
[BlackElo "2483"]
[EventDate "2025.06.11"]
[Board "1"]

1. e4 c6 2. d4 d5 3. exd5 cxd5 4. Nf3 Nc6 5. Bd3 Bg4 6. c3 Qc7 7. Na3 e6 8.
Nb5 Qd7 9. Bf4 Rc8 10. a4 a6 11. Na3 Bd6 12. Bxd6 Qxd6 13. Qe2 Qf4 14. Qd2
Qf6 15. Be2 Nge7 16. O-O Bxf3 17. Bxf3 O-O 18. Rfe1 Nf5 19. Bg4 Nd6 20. Be2
Ne7 21. Bd3 Ng6 22. g3 Ne7 23. Nc2 Nc6 24. Ne3 Qg5 25. h4 Qh6 26. Qe2 f5
27. Ng2 Rce8 28. Qe3 Qf6 29. Qf4 Ne4 30. Bc2 h6 31. h5 Ng5 32. Kf1 Qf7 33.
Bd1 Ne4 34. Nh4 e5 35. dxe5 Nxe5 36. Be2 Qf6 37. Rad1 Rd8 38. Kg2 Qb6 39.
a5 Qc5 40. Rf1 Rde8 41. Qe3 Qxa5 42. Qd4 Nc6 43. Qd3 Rd8 44. Ng6 Rfe8 45.
Nf4 Ne5 46. Qc2 Kh8 47. Rd4 Nc6 48. Rdd1 d4 49. Qb3 Qc7 50. Bf3 Nc5 51.
Ng6+ Kh7 52. Qc4 Qd6 53. Rd2 b5 54. Qf7 Ne4 55. Bxe4 fxe4 56. Qf5 Qf6 57.
Qxf6 gxf6 58. cxd4 Ne7 59. Nh4 Nd5 60. Nf5 Ne7 61. Ne3 Rd7 62. Ra1 Rd6 63.
Rc2 Kg7 64. Rc5 Kf7 65. g4 Rg8 66. Kg3 Rg5 67. Rc7 Ke6 68. Ra7 Rxd4 69.
R1xa6+ Rd6 70. Kf4 Nc6 71. Rh7 Nb4 72. Rxd6+ Kxd6 73. Rxh6 Ke6 74. Kxe4
Re5+ 75. Kf3 Nd3 76. Rh7 Rc5 77. h6 Ne5+ 78. Kg3 Nf7 79. Nf5 Rc8 80. Rxf7
1-0

[Event "FIDE World Rapid Team"]
[Site "London ENG"]
[Date "2025.06.13"]
[Round "11.4"]
[White "Roberson, Peter T"]
[Black "Jacobsen, Mikkel Manosri"]
[Result "0-1"]
[WhiteElo "2372"]
[BlackElo "2169"]
[EventDate "2025.06.11"]
[Board "2"]

1. e4 c5 2. Nf3 Nc6 3. Bb5 Nf6 4. Nc3 g6 5. e5 Ng4 6. Bxc6 dxc6 7. O-O Bg7
8. Re1 O-O 9. d3 Nh6 10. a4 a5 11. Ne4 b6 12. Bf4 Nf5 13. Qd2 Nd4 14. Nxd4
cxd4 15. Bh6 c5 16. h4 Bb7 17. h5 Qd5 18. Bxg7 Kxg7 19. h6+ Kh8 20. Qg5 f6
21. Qg3 f5 22. Nd2 f4 23. Qg4 Rf5 24. Nc4 Qe6 25. f3 Bd5 26. b3 Raf8 27.
Kf2 g5 28. Qh3 g4 29. Qxg4 Rg8 30. Qh4 Rfg5 31. Rg1 Qg6 32. Qh2 Rf8 33. Rh1
Rg8 34. Rag1 Rg3 35. Nd2 Qg5 36. Nc4 Rg6 37. Kf1 Bxc4 38. bxc4 Qxe5 39. Qh5
Qe3 40. Qf5 Re6 0-1

[Event "FIDE World Rapid Team"]
[Site "London ENG"]
[Date "2025.06.13"]
[Round "11.4"]
[White "Muetsch, Annmarie"]
[Black "Rendle, Thomas E"]
[Result "0-1"]
[WhiteElo "2188"]
[BlackElo "2412"]
[EventDate "2025.06.11"]
[Board "3"]

1. e4 e5 2. Nf3 Nc6 3. Bc4 Nf6 4. d3 Bc5 5. c3 d6 6. Nbd2 a5 7. a4 O-O 8.
O-O Ba7 9. Bb3 Be6 10. h3 h6 11. Re1 Nh5 12. Nf1 Qf6 13. Be3 Nf4 14. Bxf4
Qxf4 15. Ne3 Ne7 16. d4 Ng6 17. Nd5 Bxd5 18. Bxd5 c6 19. Ba2 Qf6 20. g3
Rfe8 21. Kg2 Rad8 22. h4 Nf8 23. Qb3 Re7 24. dxe5 dxe5 25. Rad1 Rde8 26.
Qa3 Ne6 27. Bxe6 fxe6 28. Rd3 Rf7 29. Re2 Ref8 30. Qd6 Bb8 31. Qc5 Bc7 32.
h5 g5 33. hxg6 Qxg6 34. Nxe5 Qh5 35. Nd7 Qxe2 36. Nxf8 Qxd3 0-1

[Event "FIDE World Rapid Team"]
[Site "London ENG"]
[Date "2025.06.13"]
[Round "11.4"]
[White "Hryshchenko, Kamila"]
[Black "Loftgaard, Mikkel Vinh"]
[Result "1-0"]
[WhiteElo "2054"]
[BlackElo "2160"]
[EventDate "2025.06.11"]
[Board "4"]

1. e4 c5 2. Nc3 e6 3. f4 d6 4. Bc4 Nc6 5. Nf3 Nf6 6. d3 Be7 7. O-O a6 8. a4
Qc7 9. Qe1 Nb4 10. Bb3 Bd7 11. e5 dxe5 12. fxe5 Nfd5 13. Qg3 O-O-O 14. Ne4
f5 15. Nd6+ Bxd6 16. exd6 Qb6 17. a5 Qa7 18. Kh1 g5 19. Bxg5 Rdg8 20. Qe5
Nc6 21. Qe2 h6 22. Be3 Rg4 23. Qf2 Nd4 24. Bxd5 exd5 25. Bxd4 cxd4 26. Ne5
Rg7 27. Nxd7 Rxd7 28. Qxf5 Qc5 29. Ra4 Rd8 30. Rc4 Qxc4 31. dxc4 dxc4 32.
Rd1 Kb8 33. Rxd4 Re8 34. h3 Red8 35. Qe5 Ka8 36. Rxc4 Rxd6 37. Rc8+ Rxc8
38. Qxd6 Rxc2 39. Qxh6 1-0

[Event "FIDE World Rapid Team"]
[Site "London ENG"]
[Date "2025.06.13"]
[Round "11.4"]
[White "Jalving, August"]
[Black "McCarthy, Kevin C"]
[Result "1-0"]
[WhiteElo "1893"]
[BlackElo "1917"]
[EventDate "2025.06.11"]
[Board "5"]

1. e4 e6 2. d4 d5 3. Nc3 Nf6 4. e5 Nfd7 5. f4 c5 6. Nf3 Nc6 7. Be3 cxd4 8.
Nxd4 Nxd4 9. Bxd4 Bc5 10. Bxc5 Nxc5 11. Bb5+ Bd7 12. Bxd7+ Qxd7 13. Qd4 b6
14. O-O-O Rc8 15. f5 Qc6 16. Qg4 g6 17. fxe6 fxe6 18. Rhf1 Rf8 19. Qh4 Ne4
20. Qxh7 Rf5 21. Qxg6+ Kd8 22. Rxf5 1-0

[Event "FIDE World Rapid Team"]
[Site "London ENG"]
[Date "2025.06.13"]
[Round "11.4"]
[White "Morea, Georgiana-Steluta"]
[Black "McCallum, Elliot"]
[Result "1-0"]
[WhiteElo "1929"]
[BlackElo "1831"]
[EventDate "2025.06.11"]
[Board "6"]

1. c4 c6 2. d4 d5 3. cxd5 cxd5 4. Nc3 Nf6 5. Bf4 Nc6 6. e3 a6 7. Nf3 Bg4 8.
Be2 e6 9. O-O Be7 10. Rc1 O-O 11. h3 Bf5 12. Ne5 Nxe5 13. Bxe5 Rc8 14. a3
b5 15. Qb3 Bd6 16. f4 Ne4 17. Nxe4 Bxe4 18. Rxc8 Qxc8 19. Bxd6 Rd8 20. Bc5
Qc6 21. Bf3 Bxf3 22. Rxf3 f6 23. Qc3 Rc8 24. Rf1 e5 25. fxe5 fxe5 26. Qd3
e4 27. Qe2 Qh6 28. Qf2 g6 29. Qf7+ Kh8 30. Qf6+ Qg7 31. Qe6 Rd8 32. Rf7 Qh6
33. Qf6+ Kg8 34. Qxd8+ Kxf7 35. Qxd5+ Kf6 36. Qe5+ Kf7 37. Qe7+ 1-0

[Event "FIDE World Rapid Team"]
[Site "London ENG"]
[Date "2025.06.13"]
[Round "11.5"]
[White "Atlas, Valery"]
[Black "Tan, Justin"]
[Result "1-0"]
[WhiteElo "2419"]
[BlackElo "2403"]
[EventDate "2025.06.11"]
[Board "1"]

1. e4 c5 2. Nf3 Nc6 3. Nc3 g6 4. d4 cxd4 5. Nxd4 Bg7 6. Nb3 Nf6 7. g3 O-O
8. Bg2 d6 9. h3 Rb8 10. a4 b6 11. O-O Bb7 12. Nd5 Nd7 13. c3 Nc5 14. Re1 e6
15. Nf4 Ne5 16. Qc2 Ba6 17. Be3 Nc4 18. Bc1 Qd7 19. Nd2 e5 20. Nd5 Nxd2 21.
Bxd2 Bd3 22. Qd1 f5 23. exf5 Bxf5 24. g4 Be6 25. Be3 e4 26. Re2 Qf7 27.
Bxc5 dxc5 28. Bxe4 Rbd8 29. c4 Bd4 30. Qf1 Kh8 31. Qg2 Qg7 32. Rb1 Rd7 33.
Kh1 Rdf7 34. f3 Bd7 35. b3 Qh6 36. Rd1 Qh4 37. Rd3 Kg7 38. f4 Kh8 39. Qg3
Qd8 40. Rxd4 cxd4 41. Qd3 Qh4 42. Qxd4+ Kg8 43. Kg2 Bxg4 44. hxg4 Qxg4+ 45.
Kf1 Qg3 46. Ne7+ Rxe7 47. Bd5+ Ref7 48. Bxf7+ Kxf7 49. Qd5+ Kf6 50. Re6+
Kg7 51. Re7+ Kh6 52. Qh1+ 1-0

[Event "FIDE World Rapid Team"]
[Site "London ENG"]
[Date "2025.06.13"]
[Round "11.5"]
[White "Balaji, Aaravamudhan"]
[Black "Slavin, Gennadie"]
[Result "1-0"]
[WhiteElo "2278"]
[BlackElo "2207"]
[EventDate "2025.06.11"]
[Board "2"]

1. d4 Nf6 2. c4 d6 3. Nc3 e5 4. Nf3 Nbd7 5. e4 g6 6. Be2 Bg7 7. O-O O-O 8.
Be3 c6 9. d5 c5 10. Kh1 Ne8 11. g3 Ndf6 12. Nh4 Kh8 13. Ng2 Bh3 14. Rg1 Qd7
15. f3 Nc7 16. Ne1 h5 17. Nd3 Ng8 18. Nf2 f5 19. Nxh3 f4 20. gxf4 Qxh3 21.
f5 Bh6 22. Bxh6 Nxh6 23. Rxg6 Ng8 24. Qd2 Rf7 25. Rag1 Qh4 26. Qg5 Qxg5 27.
R1xg5 Rd8 28. Rxh5+ Rh7 29. Rxh7+ Kxh7 30. Kg2 a6 31. Kg3 Ne8 32. f4 exf4+
33. Kxf4 Ngf6 34. Nd1 Rd7 35. Nf2 Re7 36. h4 Nd7 37. Re6 Rxe6 38. fxe6 Ne5
39. Ng4 Nxg4 40. Bxg4 Kg6 41. e5 b5 42. Be2 bxc4 43. Bxc4 a5 44. Bb5 1-0

[Event "FIDE World Rapid Team"]
[Site "London ENG"]
[Date "2025.06.13"]
[Round "11.5"]
[White "Arakhamia-Grant, Ketevan"]
[Black "Haydon, David L"]
[Result "0-1"]
[WhiteElo "2267"]
[BlackElo "2292"]
[EventDate "2025.06.11"]
[Board "3"]

1. e4 c5 2. Nf3 d6 3. Bb5+ Bd7 4. Bxd7+ Qxd7 5. O-O Nc6 6. c3 Nf6 7. Re1 e6
8. d4 d5 9. e5 Ne4 10. Nbd2 Nxd2 11. Bxd2 Be7 12. dxc5 Bxc5 13. Be3 Be7 14.
h4 O-O 15. h5 h6 16. Bf4 f5 17. g3 Qe8 18. Nd2 Bg5 19. Kg2 Rd8 20. Nb3 Qe7
21. Qd2 Bxf4 22. Qxf4 Qf7 23. Rh1 Qc7 24. Rae1 Qb6 25. Rh4 Rf7 26. Re2 Rdf8
27. Rd2 Qc7 28. Re2 Qb6 29. Rd2 Qc7 30. Nc5 Re7 31. Nd3 Qa5 32. a3 Rd7 33.
Qe3 b6 34. Nf4 Re8 35. Qe2 b5 36. Rh1 a6 37. Rhd1 Qc7 38. Nd3 Na5 39. Re1
Nc4 40. Rdd1 Qc6 41. Qf3 Qc7 42. Re2 Red8 43. g4 Rf7 44. Qg3 fxg4 45. Qxg4
Rf5 46. f4 d4 47. cxd4 Rxd4 48. Qf3 Qf7 49. Rh1 Rd5 50. Rh4 Kh7 51. Qe4 Kg8
52. Qf3 Rd8 53. Nf2 Rd4 54. b3 Nb6 55. Ne4 Qe7 56. Qg3 Nd5 57. Rg4 Qf8 58.
Nd6 Nxf4+ 0-1

[Event "FIDE World Rapid Team"]
[Site "London ENG"]
[Date "2025.06.13"]
[Round "11.5"]
[White "Waldhausen Gordon, Frederick"]
[Black "Gluhovsky, Mark"]
[Result "1-0"]
[WhiteElo "2153"]
[BlackElo "2136"]
[EventDate "2025.06.11"]
[Board "4"]

1. Nf3 Nf6 2. g3 g6 3. Bg2 Bg7 4. O-O O-O 5. c4 d6 6. d4 c6 7. Nc3 Qa5 8.
Bd2 Qh5 9. Qb3 e5 10. dxe5 dxe5 11. Ng5 h6 12. Nge4 Nxe4 13. Nxe4 Na6 14.
Rad1 Rb8 15. Be3 b6 16. Nd6 Bg4 17. f3 Be6 18. Qa3 Nc5 19. Qxa7 Nd7 20. Qc7
c5 21. Qc6 Nf6 22. Bf2 e4 23. b3 exf3 24. exf3 Rfd8 25. Rfe1 g5 26. g4 Qg6
27. Rd2 Nd7 28. Ne4 Ne5 29. Rxd8+ Rxd8 30. Qxb6 Rd3 31. Nxc5 Rxf3 32. Qd8+
Kh7 33. Nxe6 Qxe6 34. Rxe5 Qxe5 35. Bxf3 Qf4 36. Qd3+ Kg8 37. Kg2 1-0

[Event "FIDE World Rapid Team"]
[Site "London ENG"]
[Date "2025.06.13"]
[Round "11.5"]
[White "Atlas, Dmitry"]
[Black "Jaufarally, Nadia"]
[Result "1-0"]
[WhiteElo "2107"]
[BlackElo "1901"]
[EventDate "2025.06.11"]
[Board "5"]

1. e4 c5 2. c3 d5 3. exd5 Qxd5 4. d4 Nf6 5. Nf3 Bg4 6. Be2 Nc6 7. c4 Qd6 8.
d5 Ne5 9. O-O Ng6 10. Nc3 a6 11. Ng5 Bf5 12. Qa4+ Qd7 13. Qxd7+ Nxd7 14. g4
Bc2 15. Be3 Nge5 16. f4 h6 17. fxe5 hxg5 18. e6 Ne5 19. Bxc5 fxe6 20. dxe6
Rh6 21. Nd5 O-O-O 22. Bb6 Re8 23. Nc7 Rd8 24. Nxa6 bxa6 25. Bxd8 Kxd8 26.
Rxf8+ Kc7 27. Rc1 Be4 28. Rg8 Rxe6 29. Rxg7 Bd3 30. Bxd3 Nxd3 31. Rd1 Nxb2
32. Rd5 Re1+ 33. Kf2 Rh1 34. Kg2 Rc1 35. Rxe7+ Kc6 36. Re6+ Kb7 37. Rd7+
Kc8 38. Rg7 Rc2+ 39. Kf3 Rc3+ 40. Ke4 Rxc4+ 41. Kd5 1-0

[Event "FIDE World Rapid Team"]
[Site "London ENG"]
[Date "2025.06.13"]
[Round "11.5"]
[White "Camp, Imogen A L"]
[Black "Slavin, Daniel J"]
[Result "1/2-1/2"]
[WhiteElo "1805"]
[BlackElo "1851"]
[EventDate "2025.06.11"]
[Board "6"]

1. d4 g6 2. e4 Bg7 3. c4 d6 4. Nf3 Bg4 5. Be2 Nd7 6. Nc3 e5 7. Bg5 Bf6 8.
Bxf6 Qxf6 9. Nd5 Qd8 10. Rc1 c6 11. Nc3 Qb6 12. dxe5 dxe5 13. Qc2 O-O-O 14.
O-O Ngf6 15. b4 Bxf3 16. Bxf3 Qxb4 17. Nd5 Qc5 18. Qb2 Kb8 19. Rb1 b6 20.
Nb4 Kb7 21. a4 a5 22. Nd3 Qd4 23. Qb3 Ka7 24. Rfd1 Rb8 25. Nb4 Qc5 26. Nd3
Qe7 27. Qc3 Rhe8 28. Rdc1 Nc5 29. Nxc5 Qxc5 30. Rd1 Red8 31. Rd3 Rxd3 32.
Qxd3 Qd4 33. Qxd4 exd4 34. e5 Nd7 35. Bxc6 Nxe5 36. Bd5 d3 37. f4 Ng4 38.
Rd1 Re8 39. h3 Nf6 40. Rxd3 Nxd5 41. Rxd5 Re1+ 42. Kf2 Ra1 43. c5 Rxa4 44.
Rd7+ Ka6 45. cxb6 Kxb6 46. Rxf7 Re4 47. Rf6+ Kb7 48. Rf7+ Kb6 49. Rf6+ Kb5
50. Rf8 a4 51. Rb8+ Kc6 52. Kf3 Re7 53. Ra8 Kb5 54. g4 Kb4 55. h4 a3 56.
Rb8+ Kc3 57. Ra8 Kb2 58. Rb8+ Kc3 59. Rc8+ Kb4 60. Rb8+ Kc3 61. Rc8+ Kd2
62. Ra8 Re3+ 63. Kf2 Rb3 64. h5 Kc2 65. hxg6 hxg6 66. f5 gxf5 67. gxf5 Kb2
68. f6 Rb7 69. Ke2 a2 70. f7 Rxf7 71. Rb8+ Kc3 72. Rc8+ Kd4 73. Rd8+ Kc5
74. Ra8 Rh7 75. Kd3 Rh2 76. Kc3 Rh3+ 77. Kb2 Kd5 1/2-1/2

[Event "FIDE World Rapid Team"]
[Site "London ENG"]
[Date "2025.06.13"]
[Round "11.6"]
[White "Ragnarsson, Dagur"]
[Black "D`costa, Lorin"]
[Result "1-0"]
[WhiteElo "2350"]
[BlackElo "2378"]
[EventDate "2025.06.11"]
[Board "1"]

1. d4 Nf6 2. Nf3 e6 3. e3 b6 4. Bd3 Bb7 5. Nbd2 c5 6. O-O cxd4 7. exd4 Be7
8. Re1 d6 9. Ne4 Nbd7 10. Ng3 O-O 11. c4 Re8 12. b3 Bf8 13. Bb2 g6 14. Ng5
d5 15. Nf3 Bg7 16. Qd2 Rc8 17. Qf4 Qc7 18. Ne5 dxc4 19. Bxc4 a6 20. Bd3 b5
21. h4 Bd5 22. h5 Qb7 23. hxg6 hxg6 24. f3 Qb6 25. Kh2 Rc7 26. Re2 Rec8 27.
Rf1 a5 28. Bb1 a4 29. Ne4 axb3 30. axb3 Bxb3 31. Ng5 Nxe5 32. dxe5 Nh5 33.
Qg4 Bc4 34. Bd4 Qb8 35. Rfe1 Bxe2 36. Rxe2 Rc1 37. Bxg6 fxg6 38. Qxe6+ Kh8
39. Qxg6 1-0

[Event "FIDE World Rapid Team"]
[Site "London ENG"]
[Date "2025.06.13"]
[Round "11.6"]
[White "Wu, Li"]
[Black "Delaney, Killian"]
[Result "1-0"]
[WhiteElo "2270"]
[BlackElo "2177"]
[EventDate "2025.06.11"]
[Board "2"]

1. c4 e5 2. g3 Nf6 3. Bg2 d5 4. cxd5 Nxd5 5. Nc3 Nb6 6. Nf3 Nc6 7. O-O Be7
8. a3 g5 9. d3 g4 10. Nd2 Be6 11. b4 h5 12. b5 Na5 13. Bb2 Qd7 14. Nce4
Qxb5 15. Rb1 Nc6 16. Bc3 Qa6 17. Bb4 Bd5 18. Bxe7 Kxe7 19. Qc1 Qa5 20. Nc4
Nxc4 21. Qg5+ Kf8 22. dxc4 Bxe4 23. Bxe4 Nd4 24. Rxb7 Re8 25. e3 Nf3+ 26.
Bxf3 gxf3 27. Qf6 Rh7 28. Qxf3 h4 29. Rd1 Qxa3 30. Rxc7 Qa4 31. Rcd7 hxg3
32. hxg3 Qc2 33. Rd8 Qxc4 34. Qa8 Rxd8 35. Qxd8+ Kg7 36. Qg5+ 1-0

[Event "FIDE World Rapid Team"]
[Site "London ENG"]
[Date "2025.06.13"]
[Round "11.6"]
[White "Vincent, Trevor"]
[Black "Cumming, Rhys"]
[Result "0-1"]
[WhiteElo "2226"]
[BlackElo "2223"]
[EventDate "2025.06.11"]
[Board "3"]

1. Nf3 Nf6 2. c4 g6 3. Nc3 Bg7 4. e4 e5 5. Nxe5 O-O 6. Nf3 Re8 7. d3 d5 8.
cxd5 Nxd5 9. Nxd5 Qxd5 10. Be2 Qd6 11. O-O c5 12. Qc2 Nc6 13. Be3 b6 14. a3
Bb7 15. Rac1 Rac8 16. Qb1 a5 17. Bd1 Ba6 18. Bc2 Red8 19. Rfd1 h6 20. Qa2
Qf6 21. Rb1 Ra8 22. Ba4 Bxd3 23. Rbc1 Bxe4 24. Nd2 Bd5 25. b3 Nd4 26. Nc4
b5 27. Bxd4 cxd4 28. Bxb5 Bxg2 29. Kxg2 Qg5+ 30. Kh1 Qxb5 31. Rd3 a4 32. b4
Rac8 33. Rc2 Qf5 34. Rcd2 0-1

[Event "FIDE World Rapid Team"]
[Site "London ENG"]
[Date "2025.06.13"]
[Round "11.6"]
[White "Navrotescu, Andreea"]
[Black "Garcia Martin, Marta"]
[Result "0-1"]
[WhiteElo "2195"]
[BlackElo "2262"]
[EventDate "2025.06.11"]
[Board "4"]

1. d4 Nf6 2. c4 b6 3. Nc3 Bb7 4. d5 e6 5. a3 exd5 6. cxd5 Bd6 7. Nf3 O-O 8.
g3 c6 9. Bg2 Nxd5 10. Nxd5 cxd5 11. O-O Na6 12. Nd4 Nc7 13. Be3 Qf6 14. Qd2
h6 15. Rac1 Rac8 16. Rfd1 Be5 17. b4 Ne6 18. Nb3 Bb2 19. Rb1 Bc3 20. Qd3
Nc7 21. Rdc1 Bb2 22. Rc2 Ba6 23. Qd2 Be5 24. Qc1 Bc4 25. a4 b5 26. axb5
Nxb5 27. Bxd5 Bxd5 28. Rxc8 Nc3 29. Rxf8+ Kxf8 30. Qd2 Nxb1 31. Qxd5 Qe6
32. Qa8+ Ke7 33. Nc5 Qc6 34. Qxa7 Nc3 35. f4 Bf6 36. Kf2 Nd1+ 37. Ke1 Nxe3
38. Nxd7 Qc1+ 39. Kf2 Qf1+ 0-1

[Event "FIDE World Rapid Team"]
[Site "London ENG"]
[Date "2025.06.13"]
[Round "11.6"]
[White "Stojsin, Nikola"]
[Black "Tsaknakis, Zisis"]
[Result "0-1"]
[WhiteElo "1789"]
[BlackElo "2130"]
[EventDate "2025.06.11"]
[Board "5"]

1. e4 g6 2. d4 Bg7 3. Nc3 a6 4. Be3 d6 5. f3 b5 6. a3 Nd7 7. Bd3 Bb7 8.
Nge2 c5 9. dxc5 dxc5 10. Nf4 Ngf6 11. O-O O-O 12. Qc1 Qc7 13. Rd1 Ne5 14.
Be2 e6 15. Nd3 Nxd3 16. Rxd3 c4 17. Rd1 Nh5 18. g4 Nf6 19. Bf4 e5 20. Bg5
Rad8 21. Qe3 Rd4 22. Bh6 Rfd8 23. Bxg7 Kxg7 24. h4 h5 25. g5 Nh7 26. Qf2
Nf8 27. f4 Rxd1+ 28. Rxd1 Rxd1+ 29. Bxd1 exf4 30. Qd4+ Kg8 31. Nd5 Bxd5 32.
exd5 Qd6 33. c3 Nd7 34. Kg2 f6 35. Bf3 Kf7 36. Qa7 fxg5 37. hxg5 Ke7 38.
Qd4 Qe5 39. Qe4 Qxe4 40. Bxe4 Ne5 41. d6+ Kxd6 42. Bb7 a5 43. Be4 Kc5 44.
Kf2 b4 45. Ke2 bxa3 46. bxa3 Kb5 47. Bc2 h4 48. Kf2 h3 49. Bd1 Nf7 50. Kf3
Nxg5+ 51. Kxf4 h2 0-1

[Event "FIDE World Rapid Team"]
[Site "London ENG"]
[Date "2025.06.13"]
[Round "11.6"]
[White "Mihailidou, Magdalini"]
[Black "Grose, Kameron"]
[Result "1-0"]
[WhiteElo "1822"]
[BlackElo "1813"]
[EventDate "2025.06.11"]
[Board "6"]

1. e4 c5 2. Nf3 d6 3. d4 cxd4 4. Nxd4 Nf6 5. Nc3 a6 6. Qd3 e6 7. Bg5 Be7 8.
Be2 b5 9. f4 Bb7 10. Bf3 h6 11. Bxf6 gxf6 12. Bh5 O-O 13. Qh3 b4 14. Nd5
Nc6 15. Nxe6 fxe6 16. Qxe6+ Kh8 17. Qh3 f5 18. Bg6 Kg7 19. Bxf5 Nd4 20. Ne3
Nxf5 21. Nxf5+ Rxf5 22. Qxf5 Qb6 23. O-O-O Qe3+ 24. Kb1 Qxe4 25. Qg4+ Kf7
26. Rhe1 Qxg2 27. Qe6+ Kg7 28. Qxe7+ Kh8 29. Rg1 Qe4 30. Qg7# 1-0

[Event "FIDE World Rapid Team"]
[Site "London ENG"]
[Date "2025.06.13"]
[Round "11.7"]
[White "Gan-Erdene, Sugar"]
[Black "Momunaliev, Ruslan"]
[Result "1-0"]
[WhiteElo "2433"]
[BlackElo "2070"]
[EventDate "2025.06.11"]
[Board "1"]

1. e4 c5 2. Nf3 a6 3. c4 Nc6 4. d4 cxd4 5. Nxd4 e5 6. Nf5 d5 7. cxd5 Bxf5
8. exf5 Nd4 9. Nc3 Nf6 10. Bd3 Be7 11. O-O O-O 12. Re1 Nxd5 13. Be4 Nf6 14.
Bxb7 Ra7 15. Be4 Nxe4 16. Rxe4 Bf6 17. Be3 Rb7 18. Rb1 Nxf5 19. Qf3 Qd7 20.
Rc4 Nd6 21. Rc5 e4 22. Qe2 Bxc3 23. Rxc3 Nb5 24. Rc4 Qe6 25. Rbc1 h6 26. b3
Rd8 27. h3 Rd3 28. Rc6 Rd6 29. Rxd6 Qxd6 30. Qg4 Re7 31. Qc8+ Kh7 32. Bc5
Rc7 33. Bxd6 Rxc8 34. Rxc8 Nxd6 35. Rc6 1-0

[Event "FIDE World Rapid Team"]
[Site "London ENG"]
[Date "2025.06.13"]
[Round "11.7"]
[White "Kurbanbaev, Zalkar"]
[Black "Bilguun, Sumiya"]
[Result "0-1"]
[WhiteElo "1848"]
[BlackElo "2438"]
[EventDate "2025.06.11"]
[Board "2"]

1. e4 c5 2. Nf3 e6 3. d4 cxd4 4. Nxd4 a6 5. Bd3 g6 6. Nc3 Bg7 7. Nf3 d6 8.
Bf4 Nf6 9. Bc4 b5 10. Bd3 Bb7 11. a3 O-O 12. O-O Nc6 13. Be2 e5 14. Bg5 Ne7
15. Qd3 Qc7 16. Rfd1 Rad8 17. Qe3 Ng4 18. Qc1 f6 19. Bh4 d5 20. exd5 Nxd5
21. Nxd5 Bxd5 22. Ng5 fxg5 23. Bxg4 gxh4 24. Rxd5 Rxd5 25. Be6+ Kh8 26.
Bxd5 Qc5 27. Qd2 Bh6 28. b4 Qb6 29. Qd3 Qxf2+ 30. Kh1 h3 31. gxh3 Bf4 32.
Bg2 Rc8 33. c3 Qe3 34. Qd7 Qxc3 35. Rd1 Qc7 36. Qe6 Rf8 37. Qxa6 Qc2 38.
Qd6 Kg7 39. Qd3 Rc8 40. Qd7+ Kh6 41. Rf1 Qc4 42. Qe7 Qc7 43. Qf6 Rd8 44. h4
Qd6 45. Qf7 Rf8 46. Qb3 Qf6 47. h5 Rd8 48. Qh3 g5 49. Qf3 Rd2 50. Rc1 g4
51. Qc6 Rd6 52. Qc7 Bxc1 53. Qxc1+ Qf4 54. Qc2 Rd2 55. Qc6+ Kg5 0-1

[Event "FIDE World Rapid Team"]
[Site "London ENG"]
[Date "2025.06.13"]
[Round "11.7"]
[White "Batkhuyag, Munguntuul"]
[Black "Beknazarov, Emir"]
[Result "1-0"]
[WhiteElo "2291"]
[BlackElo "1870"]
[EventDate "2025.06.11"]
[Board "3"]

1. e4 c6 2. Nc3 d5 3. Nf3 Bg4 4. h3 Bxf3 5. Qxf3 dxe4 6. Nxe4 Nd7 7. d4
Ngf6 8. Bc4 e6 9. O-O Be7 10. c3 O-O 11. Re1 Nxe4 12. Qxe4 Nf6 13. Qf3 b5
14. Bd3 Qd5 15. Qg3 Bd6 16. Qh4 Qh5 17. Qxh5 Nxh5 18. g3 Nf6 19. Bd2 Rab8
20. b4 Nd5 21. a4 a6 22. f4 h5 23. Be4 h4 24. axb5 axb5 25. Ra6 hxg3 26.
Bxd5 exd5 27. Rxc6 Rfd8 28. Kg2 Rbc8 29. Rb6 Rb8 30. Rxb8 Rxb8 31. Kxg3 Ra8
32. Kf3 Kf8 33. f5 Ra3 34. Kg4 Bc7 35. h4 Bd6 36. h5 Bc7 37. f6 gxf6 38.
Kf5 Ra2 39. Re2 Kg8 40. h6 Kh7 41. Rg2 Bg3 42. Kxf6 Bh4+ 43. Kxf7 Ra6 44.
Rg7+ Kh8 45. Bg5 Bxg5 46. Rxg5 Rxh6 47. Rxd5 Rh7+ 48. Kf8 1-0

[Event "FIDE World Rapid Team"]
[Site "London ENG"]
[Date "2025.06.13"]
[Round "11.7"]
[White "Muradylov, Baiel"]
[Black "Mungunzul, Bat-Erdene"]
[Result "0-1"]
[WhiteElo "1834"]
[BlackElo "2285"]
[EventDate "2025.06.11"]
[Board "4"]

1. d4 d5 2. Nf3 Nf6 3. e3 c5 4. b3 cxd4 5. exd4 Nc6 6. Be2 Bf5 7. O-O e6 8.
c4 Be7 9. Nc3 O-O 10. Ne5 dxc4 11. Nxc6 bxc6 12. Bxc4 Qa5 13. Ne2 Rfd8 14.
Bd2 Qa3 15. Qc1 Qd6 16. Bf4 Qd7 17. Rd1 a5 18. Qe3 Nd5 19. Bxd5 Qxd5 20.
Nc3 Qd7 21. Na4 Qb7 22. Rac1 Rd5 23. Nc3 Rd7 24. Qe2 Ba3 25. Ra1 Rad8 26.
Be3 Qb4 27. Na4 Qb5 28. Qe1 Bc2 29. Rd2 Bb4 30. Rc1 Bxd2 31. Qxd2 Bg6 32.
h3 e5 33. Rc5 Qb8 34. Qxa5 exd4 35. Bd2 Rd5 36. Nb6 Rxc5 37. Qxc5 Qa7 38.
a4 h6 39. Qxc6 Qa6 40. Qc5 Qe2 41. Qc1 Qe6 42. Nc4 Bd3 43. a5 Rc8 44. Qb2
Bxc4 45. bxc4 Qxc4 46. a6 Qa4 47. Bf4 Ra8 48. Be5 d3 49. Bxg7 Qxa6 50. Bh8
Qa1+ 0-1